000 00609nam a22002297a 4500
003 UA-OsUOA
001 34543
007 ta
008 20051012b un ||||| |||| 00| 0 ukr d
100 _aШтокалко З.
090 _a78.022
_bШ92
942 _cBK
040 _aUA-OsUOA
_bukr
_cUA-OsUOA
_dUA-OsUOA
245 _aКобза
_bзбірка п'єс для бандури
300 _a360 с.
955 _a2
041 _aukr
080 _a78.022
260 _aК.
_bКІУС
_c1997
650 7 _a78.02 Техніка створення музичних творів
_2UDC
999 _c320976
_d320976